000 00272nam a2200097Ia 4500
008 240331s9999 xx 000 0 und d
082 _a016
_bHUM
100 _aCente for human study. ed
245 0 _aUnion list of human right periodicals in eight Sri Lanka libraries
942 _cL
999 _c636
_d636